Economics, environmental policy, and the quality of life

Sábháilte in:
Sonraí bibleagrafaíochta
Príomhchruthaitheoirí: Baumol, William J (Údar), Oates, Wallace E. (Údar)
Formáid: LEABHAR
Teanga:Béarla
Foilsithe / Cruthaithe: Upper Saddle River Prentice Hall 1979
Ábhair:
Clibeanna: Cuir clib leis
Níl clibeanna ann, Bí ar an gcéad duine le clib a chur leis an taifead seo!

MARC

LEADER 00000nam a2200000 a 4500
001 UCT8216
003 CL-VaPUC
008 970326e19790000us |||||||||||||||||eng|d
082 0 4 |a 333.72  |b BAU  |2 21 
100 0 |a Baumol, William J  |e author  |9 379793 
700 |a Oates, Wallace E.  |e author  |9 379794 
245 1 0 |a Economics, environmental policy, and the quality of life 
300 |a 377 p 
942 |c BK 
945 |d 19970326 00:00:00  |a nastorga 
260 |a Upper Saddle River  |b Prentice Hall  |c 1979 
650 0 |a Política ambiental  |9 262970 
650 0 |a Calidad de vida   |9 322944 
650 0 |a Economía ambiental   |9 321367 
650 0 |a Recursos naturales  |9 255232 
650 0 |a Protección del medio ambiente  |9 257626 
650 0 |a Política económica   |9 255029 
583 |a last modification  |c 20171205 01:22:19  |k Rodrigo Vera 
999 |c 256737  |d 256735 
952 |0 0  |1 0  |4 0  |6 333_720000000000000_BAU_1979  |7 0  |8 P  |9 279653  |a BIBGIM  |b BIBGIM  |d 2019-11-19  |i 3277283  |o 333.72 BAU 1979  |p 3277283  |r 2025-01-15  |w 2019-11-19  |y BK  |k GIM